Inventory Management (Record no. 3298)

MARC details
005 - DATE AND TIME OF LATEST TRANSACTION
control field 20250606103209.0
020 ## - INTERNATIONAL STANDARD BOOK NUMBER
International Standard Book Number 978-81-203-2853-2
100 ## - MAIN ENTRY--PERSONAL NAME
Author name BOSE, D. C
245 ## - TITLE STATEMENT
Title Inventory Management
260 ## - PUBLICATION, DISTRIBUTION, ETC.
Place of publication, distribution, etc. New Delhi
Name of publisher, distributor, etc. Phi Learning Private Limited
Date of publication, distribution, etc. 2010
942 ## - ADDED ENTRY ELEMENTS (KOHA)
Source of classification or shelving scheme Dewey Decimal Classification
Koha item type Books
Holdings
Date last seen Total checkouts Full call number Barcode Cost, replacement price Price effective from Koha item type Lost status Source of classification or shelving scheme Damaged status Not for loan Withdrawn status Home library Current library Shelving location Date acquired Source of acquisition Cost, normal purchase price
06/06/2025   658.7 BOS MBY000198 66000.00 06/06/2025 Books   Dewey Decimal Classification       CBE MBEYA CBE MBEYA Special Reserve Collection 06/06/2025 Purchase 22000.00
06/28/2025   658.7 BOS MBY000360 66000.00 06/06/2025 Books   Dewey Decimal Classification       CBE MBEYA CBE MBEYA General Collection 06/06/2025 Purchase 22000.00